[Event "Bergen Grand Prix C"]
[Site "Bergen"]
[Date "2013.10.19"]
[Round "3"]
[White "Kvamme, Ingrid Jodre"]
[Black "Langeland, Gunnleik"]
[Result "0-1"]
[WhiteElo "568"]
[BlackElo "1179"]
[PlyCount "70"]
[EventDate "2013.10.18"]
[EventType "swiss"]
[EventRounds "5"]
[EventCountry "NOR"]
[SourceTitle "EXT 2024"]
[Source "ChessBase"]
[SourceDate "2023.10.10"]
[SourceVersion "1"]
[SourceVersionDate "2023.10.10"]
[SourceQuality "1"]

1. c4 c5 2. Nf3 Nc6 3. g3 Nf6 4. Bg2 e6 5. 0-0 Be7 6. Nc3 0-0 7. d3 d5 8. cxd5 exd5 9. Bd2 a6 10. a3 d4 11. Na2 Be6 12. b4 cxb4 13. axb4 Bxa2 14. Rxa2 Nxb4 15. Rb2 a5 16. Ne5 Ra7 17. Nc4 b6 18. e3 Bc5 19. exd4 Qxd4 20. Be3 Qxd3 21. Bxc5 bxc5 22. Nd6 Qxd1 23. Rxd1 a4 24. Rbb1 a3 25. Nb5 Ra5 26. Nc7 a2 27. Ra1 Nc2 28. Rxa2 Rxa2 29. Rc1 Ra1 30. Rxa1 Nxa1 31. Bf1 Rc8 32. Na6 c4 33. Bxc4 Rxc4 34. Kg2 Rc2 35. Nb4 Rd2 0-1

[Event "Bergen op-B"]
[Site "Bergen"]
[Date "2012.11.23"]
[Round "4"]
[White "Langeland, Gunnleik"]
[Black "Endresen, Ola Torstein"]
[Result "0-1"]
[WhiteElo "1223"]
[BlackElo "1141"]
[PlyCount "105"]
[EventDate "2012.11.23"]
[EventType "swiss"]
[EventRounds "5"]
[EventCountry "NOR"]
[SourceTitle "EXT 2024"]
[Source "ChessBase"]
[SourceDate "2023.10.10"]
[SourceVersion "1"]
[SourceVersionDate "2023.10.10"]
[SourceQuality "1"]

1. d4 Nf6 2. c4 e6 3. a3 d5 4. Nf3 c6 5. Nc3 Be7 6. cxd5 exd5 7. h3 0-0 8. Qc2 Nbd7 9. Bf4 Re8 10. e3 Nf8 11. Be2 Bd6 12. Bxd6 Qxd6 13. 0-0 Ne4 14. Bd3 Nxc3 15. Qxc3 Qf6 16. Qc2 Ng6 17. Rac1 Bd7 18. a4 a6 19. Nh2 Nf8 20. a5 Rab8 21. b4 Qg5 22. Kh1 Qf6 23. Qd1 Ng6 24. Ng4 Qh4 25. Kg1 Bxg4 26. hxg4 Nf8 27. Qf3 Re6 28. Qh3 Rh6 29. Kh2 Qxg4 30. Qxh6 gxh6 31. Rh1 Kg7 32. Kg1 Rd8 33. f3 Qg5 34. Kf2 Rd6 35. Rh3 Qe7 36. Rch1 Re6 37. Rg3+ Ng6 38. f4 Rf6 39. f5 Qxb4 40. Rb1 Qd2+ 41. Be2 Rxf5+ 42. Rf3 Rxf3+ 43. gxf3 Qxa5 44. Rxb7 Qa2 45. Rb6 Ne7 46. Rxa6 Qc2 47. Ra3 h5 48. Rd3 Qa2 49. Ke1 Qa5+ 50. Kf2 Qc7 51. f4 h4 52. Rd1 Nf5 53. Rh1 0-1